Cambiaso: Relación de los acontecimientos i de los crímenes de Magallanes en 1851 escrita sobre numerosos documentos inéditos

Enregistré dans:
Détails bibliographiques
Auteurs principaux: Vicuña Mackenna, Benjamín, 1831-1886 (Auteur), García, Nicanor (Auteur), Avalos, Pedro (Auteur), Díaz, José del Carmen (Auteur), Dunn, Santiago (Auteur), Bynon, Santiago Jorge (Auteur)
Format: Livre
Langue:espagnol
Publié: Santiago Imprenta de la Librería del Mercurio, de E. Undurraga y Ca., Morandé, 38 1877
Édition:1a. ed
Sujets:
Tags: Ajouter un tag
Pas de tags, Soyez le premier à ajouter un tag!

MARC

LEADER 00000nam a2200000 a 4500
001 UCJ4511
003 CL-VaPUC
008 070124e18771100CL |||||||||||||||||spa|d
082 0 4 |a 983  |b VIC  |2 21 
100 |a Vicuña Mackenna, Benjamín,  |d 1831-1886  |x Político e historiador   |z Chile   |e author  |9 374 
700 0 |a García, Nicanor  |e author  |9 508406 
700 0 |a Avalos, Pedro  |e author  |9 508407 
700 0 |a Díaz, José del Carmen  |e author  |9 508408 
700 0 |a Dunn, Santiago  |e author  |9 508409 
700 0 |a Bynon, Santiago Jorge  |e author  |9 508410 
245 1 0 |a Cambiaso: Relación de los acontecimientos i de los crímenes de Magallanes en 1851 escrita sobre numerosos documentos inéditos 
246 1 0 |a Diario del Capitán Don Nicanor García, segundo de Cambiaso en el mando de la colonia de Magallanes 
246 1 0 |a Breves apuntes sobre lo ocurrido en Magallanes el año de 1851, cuando la sublevación del Teniente don Miguel José Cambiaso 
246 1 0 |a Diario de la sublevación de Magallanes en 21 de noviembre de 1851, fecha en que se sublevó en el fuerte de Punta Arenas el Teniente de la Compañía fija don Miguel José Cambiaso, en unión del Teniente de la Guardia Nacional don Nicanor García, comandante del piquete cívico que también se encontraba de guarnición en la Colonia 
246 1 0 |a Relación de los sucesos de Magallanes hecha por el ex secretario del Gobernador Muñoz Gamero, don Santiago Dunn 
246 1 0 |a Relación de la campaña del Virago a los estrechos de Magallanes en persecusión de Cambiaso 
250 |a 1a. ed 
300 |a viii, 366 p 
942 |c BK 
945 |d 20070124 00:00:00  |a rinostro 
260 |a Santiago  |b Imprenta de la Librería del Mercurio, de E. Undurraga y Ca., Morandé, 38  |c 1877 
500 |a Front., retrato de Miguel José Cambiaso.- La Revista Chilena de Historia y Geografía, tomo lxiv, de 1930, trae un artículo de Vicuña Mackenna que complementa esta luctuosa historia. Benelli, 115 
600 0 7 |a MUÑOZ GAMERO, BENJAMIN  |2 CL-VaPUC  |9 505320 
600 0 7 |a CAMBIASO, MIGUEL JOSE  |2 CL-VaPUC  |9 446149 
650 0 |a Historia de Chile  |9 265473 
650 7 |a MOTINES  |2 CL-VaPUC  |9 446151 
650 7 |a CRIMINALES  |2 CL-VaPUC  |9 322996 
650 7 |a SECUESTRO  |2 CL-VaPUC  |9 382344 
650 7 |a DIARIO  |2 CL-VaPUC  |9 441581 
650 7 |a DOCUMENTOS  |2 CL-VaPUC  |9 366450 
650 7 |a FUENTES  |2 CL-VaPUC  |9 255666 
650 0 |a Historia local  |9 266584 
650 0 |a Iconografía   |9 267998 
651 7 |a PUNTA ARENAS  |2 CL-VaPUC  |9 314722 
651 0 |a Magallanes  |9 265180 
583 |a last modification  |c 20070124 00:00:00  |k Rodrigo Vera 
999 |c 320627  |d 320625 
952 |0 0  |1 0  |4 0  |6 983_000000000000000_VIC_1877  |7 0  |8 X  |9 399179  |a FDOBUD  |b FDOBUD  |d 2019-11-22  |i 1020226  |o 983 VIC 1877  |p 1020226  |r 2019-11-22  |w 2019-11-22  |y BK_X  |k BUD